[Event "Padova Province-chT 58th"]
[Site "Padova"]
[Date "1998.01.11"]
[Round "3"]
[White "Quaranta, Gaetano"]
[Black "Flora, Vincenzo"]
[Result "1-0"]
[WhiteElo "1522"]
[BlackElo "1500"]
[PlyCount "116"]
[EventDate "1998.01.10"]
[EventType "swiss"]
[EventRounds "6"]
[EventCountry "ITA"]
[SourceTitle "EXT 2022"]
[Source "ChessBase"]
[SourceDate "2021.10.06"]
[SourceVersion "1"]
[SourceVersionDate "2021.10.06"]
[SourceQuality "1"]

1. e4 e6 2. d4 d5 3. e5 c5 4. c3 Nc6 5. Nf3 Qb6 6. Be2 cxd4 7. cxd4 Bb4+ 8. Kf1 Nge7 9. a3 Qa5 10. Bd2 Bxd2 11. Nbxd2 Nf5 12. Nb3 Qa4 13. g4 Nfe7 14. Rc1 b6 15. Kg2 Ba6 16. Bxa6 Qxa6 17. Rc3 0-0 18. Qc2 Rac8 19. Ng5 Ng6 20. Rxc6 Rxc6 21. Qxc6 Nh4+ 22. Kh3 Qd3+ 23. Kxh4 h6 24. Nxf7 Rxf7 25. Qc3 Qxc3 26. bxc3 Rxf2 27. Kg3 Rb2 28. Nc1 Rc2 29. Rf1 Rxc3+ 30. Kf4 Rxa3 31. g5 hxg5+ 32. Kxg5 b5 33. Ne2 b4 34. Nf4 Ra6 35. Rb1 Rb6 36. Nd3 a5 37. Kg6 b3 38. Rb2 a4 39. Nc5 a3 40. Rxb3 Rxb3 41. Nxb3 a2 42. Kg5 Kf7 43. Kf4 Kg6 44. Ke3 Kf5 45. Kd3 g5 46. Kc2 Kg4 47. Kb2 Kh3 48. Nd2 g4 49. Nf1 Kg2 50. Ne3+ Kf3 51. Nxg4 Kxg4 52. Kxa2 Kf4 53. Kb3 Ke4 54. Kc3 Kf3 55. h3 Kf4 56. Kb4 Kg5 57. Kc5 Kh4 58. Kd6 Kxh3 1-0